000
00269nam a2200097Ia 4500
008
240331s9999 xx 000 0 und d
082
_b
BHO
100
_a
Bhoite, A
245
0
_a
Women employees and rural development :
_b
problems of employed women in rural areas
942
_c
L
999
_c
2625
_d
2625